000 00822ncm a22002415a 4500
001 C00057320c
005 20241029150428.0
008 071016s1891 ddrsyb n 1 ger d
080 _a785.1.082.1
100 1 _aBrahms, Johannes (
_d1833-1897)
_97668
245 1 0 _aVierte Symphonie E moll, op. 98/ Johannes Brahms.
254 _a[Kleine Partitur].
260 _aLeipzig :
_bErnst Eulenburg,
_c[d. 1891]
300 _aPartitura (155 p.) ;
_c19 cm.
490 0 _aEulenburg's kleine Orchester Partitur Ausgabe. Symphonien ;
_v28
500 _aN. pl. : 11363.
500 _aFecha de publilcidad tomada de "The new Grove dictionary of music and musicians" vol. 6, Stanley Sadie 1980.
500 _aLegado Pérez Casas.
650 _aSinfonías.
_914405
852 4 _jM-2279
999 _c54203
_d54203